Электрическая релаксационная поляризация литий-титановой ферритовой керамики: автореферат диссертации на соискание ученой степени кандидата физико-математических наук

Bibliografiske detaljer
Hovedforfatter: Малышев А. В. Андрей Владимирович
Institution som forfatter: Томский политехнический университет
Andre forfattere: Суржиков А. П. Анатолий Петрович (научный руководитель)
Summary:Заглавие с титульного экрана
Электронная версия печатной публикации
Sprog:russisk
Udgivet: Томск, [Б. и.], 2006
Fag:
Online adgang:http://www.lib.tpu.ru/fulltext/a/2006/1.pdf
Format: MixedMaterials Electronisk Bog
KOHA link:https://koha.lib.tpu.ru/cgi-bin/koha/opac-detail.pl?biblionumber=92475

MARC

LEADER 00000nlm0a2200000 4500
001 92475
005 20240131143906.0
035 |a (RuTPU)RU\TPU\book\99079 
090 |a 92475 
100 |a 20060314d2006 k y0rusy50 ca 
101 0 |a rus 
102 |a RU 
105 |a a dm 001zy 
135 |a drbn ---uucaa 
181 0 |a i  
182 0 |a b 
200 1 |a Электрическая релаксационная поляризация литий-титановой ферритовой керамики  |e автореферат диссертации на соискание ученой степени кандидата физико-математических наук  |f А. В. Малышев  |g Томский политехнический университет; науч. рук. А. П. Суржиков 
203 |a Текст  |c электронный 
210 |a Томск  |c [Б. и.]  |d 2006 
215 |a 1 файл (556 Kb) 
300 |a Заглавие с титульного экрана 
300 |a Электронная версия печатной публикации 
337 |a Adobe Reader 
452 1 |0 (RuTPU)RU\TPU\book\98435  |t Электрическая релаксационная поляризация литий-титановой ферритовой керамики  |o автореферат диссертации на соискание ученой степени кандидата физико-математических наук  |o спец. 01.04.07  |f А. В. Малышев  |g Томский политехнический университет; науч. рук. А. П. Суржиков  |c Томск  |n Б.и.  |d 2006  |p 21 с.  |a Малышев, Андрей Владимирович 
610 1 |a ферритовая керамика 
610 1 |a ферриты 
610 1 |a электрофизические свойства 
610 1 |a диэлектрическая релаксационная поляризация 
610 1 |a литий-титановые ферриты 
610 1 |a электроперенос 
610 1 |a электропроводность 
610 1 |a диэлектрическая проницаемость 
610 1 |a аномалии 
610 1 |a авторефераты диссертаций 
610 1 |a труды учёных ТПУ 
610 1 |a электронный ресурс 
675 |a 666.65(04)  |v 3 
686 |a 01.04.07  |2 oksvnk 
700 1 |a Малышев  |b А. В.  |c специалист в области электротехники  |c старший научный сотрудник Томского политехнического университета, кандидат физико-математических наук  |f 1978-  |g Андрей Владимирович  |3 (RuTPU)RU\TPU\pers\26544  |9 12233 
702 1 |a Суржиков  |b А. П.  |c физик  |c профессор Томского политехнического университета, доктор физико-математических наук  |f 1951-  |g Анатолий Петрович  |3 (RuTPU)RU\TPU\pers\22010  |4 727  |9 9307 
712 0 2 |a Томский политехнический университет  |3 (RuTPU)RU\TPU\col\376 
801 1 |a RU  |b 63413507  |c 20060314  |g PSBO 
801 2 |a RU  |b 63413507  |c 20121211  |g PSBO 
856 4 |u http://www.lib.tpu.ru/fulltext/a/2006/1.pdf 
942 |c CF